000 00554nam a2200193 a 4500
001 1769948270794
003 YourLibrary
005 20260201175204.0
008 260201s1994##################000#0#eng##
020 _a9780521457705
082 0 4 _a330.9470842
_bDAV
100 1 _aDavies, R. W.,
_eauthor.
245 1 0 _aThe Economic Transformation of the Soviet Union, 1913-1945 :
260 _bCambridge University Press,
_c1994.
300 _a420 pages
650 0 _aBusiness & Economics.
942 _cENGLISH
040 _aYourLibrary
_beng
_cYourLibrary
999 _c609970
_d609970